000 01026 a2200229 4500
001 48763
005 20260407155753.0
008 260407a1958 arg spa d
003 AR-UNSa-BCEJYS
040 _aAR-UNSa-BCEJYS
_bspa
_cAR-UNSa-BCEJYS
080 _a514.12
_xGeometrías euclidianas y seudoeuclidianas. Geometría analítica
245 1 0 _aGeometría Análitica
250 _a3a.ed.
264 1 _aBuenos Aires :
_bKapelusz
_c1958
300 _a535 p.
_c23 cm.
505 _a1. Espacios unidimensionales. Series y haces - 2. Geometría del plano. Puntos, rectas y vectores - 3. Circunferencia y familias de circunferencias - 4. Las cónicas - 5. Curvas planas - 6. Transformaciones geométricas - 7. Rectas y planos - 8. Superficies de segundo orden - 9. Superficies y curvas en general - 10. Geometría reglada. Geometría de círculos - 11. Nomografía.
942 _cBK
590 _aniveau_biblio:m niveau_hierar:0
100 1 _aRey Pastor, Julio
700 1 _aSantalo, Luis A.
700 1 _aBalanzat, Manuel
999 _c4700
_d4700